000 01343cam a2200361 i 4500
001 3315
005 20240229095500.0
020 _a9780439120616
040 _aYDX
_beng
_cYDX
_erda
_dBDX
_dOCLCQ
_dTOH
_dIOU
_dZQP
_dIGA
_dUAP
_dNDS
_dEHH
_dOCLCF
_dPFLCL
_dNHP
_dOCL
_dVP@
_dIXA
_dOCL
_dDLC
050 0 0 _aPZ7.S6334
082 0 0 _a813
100 1 _aSlobodkina, Esphyr
_d1908-2002,
245 1 0 _aCaps for sale :
_cTold & illustrated by Esphyr Slobodkina
_bA tale of a peddler, Some monkeys and their monkey business /
250 _aFirst Scholastic printing , October 1999
260 _aNew York :
_bScholastic ,
_c1940
300 _a45 unnumbered pages :
_bcolor illustrations ;
_c26 cm.
490 0 _aCaps for sale
505 _aJ
520 _aA band of mischievous monkeys steals every one of a peddler's caps while he takes a nap under a tree.
521 1 _a480
_bLexile
521 1 _aJ
_bRaz-Plus
650 0 _aPeddlers
_vJuvenile fiction
650 0 _aHats
_vJuvenile fiction
650 0 _aMonkeys
_vJuvenile fiction
650 0 _aFriendship
_vJuvenile fiction
650 1 _aPeddlers
_vFiction
650 1 _aHats
_vFiction
650 1 _aMonkeys
_vFiction
650 1 _aFriendship
_vFiction
700 1 _aSlobodkina, Esphyr
_eauthor
_eillustrator
906 _a7
_bcbc
_ccopycat
_d2
_encip
_f20
_gy-gencatlg
942 _2ddc
_cBK
_n0
999 _c3315
_d3315